000
00216nam a22001097a 4500
082
_a
494
_b
ROH/M
245
_a
MACHUAARA AUR JINN
260
_a
DELHI
_b
ROHAN BOOK
300
_a
80
650
_a
STORY
_z
DELHI
942
_c
BK
999
_c
4566
_d
4566